000 00643nam a2200205Ia 4500
003 GCL
008 140319s9999 xx 000 0 ara d
040 _aGCL /
_cGCL
082 0 4 _a811.009
_bى ح
100 1 _aيوسف خليف
245 1 0 _aحياة الشعر فى الكوفة الى نهاية القرن الثانى للهجرة /
_cيوسف خليف
260 _a[S.N] :
_bالمجلس الاعلى للثقافة ،
_c1995
300 _a778 ص
490 _a
650 0 4 _aالشعر العربى
650 0 4 _aالادب العربى
650 0 4 _aصدر الاسلام
650 0 4 _aتاريخ ونقد
942 _2ddc
_cBK
999 _c36627
_d36627